00543nam a2200169 450000500170000001000150001702000260003203500140005803700130007208200080008510000110009324500660010426000380017027001230020830000240033150000180035520200107165652.0 aENG-127289 a9789386519085c315.00 aEN-110821 bDBAD/PUB a579 aMani,A aMicrobiology :cby A.Mani ...[et.,all]bGeneral and Applied / aNew DelhibSaras Publishersc2018 a114/35GA.R.P Camp Road periavilai,Kottar P.O Nagercoil Kanyakumari DistbTamil Nadue629002minfo@saraspublication.com aXX,526p.c23cm(pbk) ainclude index